000 00279nam a22001337a 4500
003 SGT
020 _a9780367697716
082 _a005,DUC
100 _aDUCKETT, JON
245 _aJAVASCRIPT & JQUERYS
260 _aNEW DELHI
_bWILEY
_c2022
300 _a621
942 _2ddc
_cBK
_023
999 _c25854
_d25854